[Event "Mistrovstvi CR senioru 2016 nad 60 let"]
[Site "Pelclovo divadlo Rychnov nad K"]
[Date "2016.08.25"]
[Round "6.20"]
[White "Pokorny, Jan"]
[Black "Majerik, Vladimir"]
[Result "1-0"]
[WhiteElo "1853"]
[BlackElo "1811"]
[PlyCount "88"]
[EventDate "2016.08.20"]

1. Nf3 d5 2. b3 Nf6 3. Bb2 Bf5 4. e3 e6 5. Nh4 Nbd7 6. Nxf5 exf5 7. Qf3 g6 8.
c4 c6 9. cxd5 cxd5 10. Nc3 Ne5 11. Bb5+ Ke7 12. Nxd5+ Qxd5 13. Qxd5 Nxd5 14.
Bxe5 f6 15. Bb2 a6 16. Bc4 Nb6 17. Rc1 Bg7 18. Ke2 Rhd8 19. Rc2 Rd7 20. Ba3+
Ke8 21. Be6 Rdd8 22. Rc7 Nd7 23. Rxb7 Rac8 24. Rc1 Rxc1 25. Bxc1 Bf8 26. Bb2
Be7 27. Bxd7+ Rxd7 28. Rxd7 Kxd7 29. Kd3 Kc6 30. Kc4 Bd8 31. Bc3 g5 32. d4 h5
33. d5+ Kd6 34. b4 h4 35. f4 Kc7 36. b5 axb5+ 37. Kxb5 Kd6 38. Kc4 g4 39. a4 h3
40. g3 Bb6 41. a5 Bxe3 42. Bd4 Bxf4 43. a6 Kc7 44. a7 Kb7 1-0

[Event "Mistrovstvi CR senioru 2016 nad 70 let"]
[Site "Pelclovo divadlo Rychnov nad K"]
[Date "2016.08.25"]
[Round "6.1"]
[White "Jacek, Miloslav"]
[Black "Fiser, Jiri"]
[Result "1-0"]
[WhiteElo "1977"]
[BlackElo "1952"]
[PlyCount "0"]
[EventDate "2016.08.20"]
[PlyCount "61"]

1. e4 c5 2. Nf3 Nc6 3. Bb5 g6 4. Bxc6 bxc6 5. O-O Bg7 6. Re1 e5 7. b4 cxb4 8.
Bb2 d6 9. d4 Qc7 10. Nbd2 Bg4 11. dxe5 dxe5 12. a3 Nh6 13. axb4 O-O 14. h3 Bxf3
15. Qxf3 f5 16. Qc3 f4 17. Ra6 Rfc8 18. Nb3 Nf7 19. Nc5 Bf8 20. Rea1 Qe7 21.
Qc4 Kh8 22. Nd3 Bg7 23. Rxc6 Qd7 24. Rxc8+ Rxc8 25. Nc5 Qc7 26. Rd1 Rd8 27.
Rxd8+ Nxd8 28. Qd5 h6 29. Qd7 Qb8 30. Qe8+ Kh7 31. Nd3 1-0

[Event "Mistrovstvi CR senioru 2016 nad 70 let"]
[Site "Pelclovo divadlo Rychnov nad K"]
[Date "2016.08.25"]
[Round "6.2"]
[White "Mesiarik, Rudolf"]
[Black "Haderka, Karel"]
[Result "1-0"]
[WhiteElo "2092"]
[BlackElo "1803"]
[PlyCount "97"]
[EventDate "2016.08.20"]

1. Nf3 d5 2. c4 d4 3. e3 c5 4. exd4 cxd4 5. d3 Nc6 6. g3 g6 7. Bg2 Bg7 8. O-O
Nh6 9. Re1 O-O 10. Nbd2 f5 11. a3 e5 12. Rb1 Nf7 13. b4 Rb8 14. b5 Na5 15. Nb3
Kh8 16. Nxa5 Qxa5 17. Bd2 Qc7 18. Bb4 Re8 19. Nxd4 Bd7 20. Nb3 b6 21. a4 Rbd8
22. Rc1 Bh6 23. Bd2 f4 24. c5 Bf5 25. d4 e4 26. cxb6 Qxb6 27. Ba5 Qf6 28. Rc6
Rd6 29. d5 fxg3 30. fxg3 Bg7 31. Qc1 h6 32. Qc5 Qe5 33. Bc7 Qxd5 34. Bxd6 Qxb3
35. Qb4 Qd3 36. Bf4 g5 37. Be3 Ne5 38. Rd6 Bf8 39. Rxd3 Bxb4 40. Rd5 Bxe1 41.
Bd4 Kh7 42. Rxe5 Rxe5 43. Bxe5 Ba5 44. Bd4 Bb6 45. Bxb6 axb6 46. a5 bxa5 47. b6
e3 48. b7 e2 49. Kf2 1-0

[Event "Mistrovstvi CR senioru 2016 nad 70 let"]
[Site "Pelclovo divadlo Rychnov nad K"]
[Date "2016.08.25"]
[Round "6.3"]
[White "Most, Zdenek"]
[Black "Macura, Emil"]
[Result "1/2-1/2"]
[WhiteElo "2038"]
[BlackElo "1985"]
[PlyCount "24"]
[EventDate "2016.08.20"]

1. d4 Nf6 2. Nf3 e6 3. g3 b6 4. Bg2 Bb7 5. O-O Be7 6. c4 d6 7. Nc3 O-O 8. Qc2
Nbd7 9. b3 a6 10. Bb2 Qc8 11. Rad1 d5 12. cxd5 Nxd5 1/2-1/2

[Event "Mistrovstvi CR senioru 2016 nad 70 let"]
[Site "Pelclovo divadlo Rychnov nad K"]
[Date "2016.08.25"]
[Round "6.4"]
[White "Chmelik, Jiri"]
[Black "Vitek, Vaclav"]
[Result "1-0"]
[WhiteElo "2013"]
[BlackElo "2035"]
[PlyCount "0"]
[EventDate "2016.08.20"]
[PlyCount "48"]

1. d4 Nf6 2. c4 e6 3. Nf3 c5 4. d5 exd5 5. cxd5 d6 6. Nc3 g6 7. e4 Bg7 8. h3 a6
9. a4 O-O 10. Bd3 Re8 11. O-O Nbd7 12. Bf4 Nf8 13. Nd2 Nh5 14. Bh2 Be5 15. f4
Bd4+ 16. Kh1 Ng7 17. Nc4 Bd7 18. Qf3 Qf6 19. e5 dxe5 20. Ne4 Qd8 21. fxe5 Bf5
22. Nf6+ Kh8 23. Nxe8 Bxd3 24. Qxd3 Qxe8 1-0

[Event "Mistrovstvi CR senioru 2016 nad 70 let"]
[Site "Pelclovo divadlo Rychnov nad K"]
[Date "2016.08.25"]
[Round "6.5"]
[White "Holecek, Vladimir"]
[Black "Tejkal, Jiri"]
[Result "1/2-1/2"]
[WhiteElo "1921"]
[BlackElo "1910"]
[PlyCount "0"]
[EventDate "2016.08.20"]
[PlyCount "54"]

1. e4 c6 2. d4 d5 3. Nd2 dxe4 4. Nxe4 Bf5 5. Ng3 Bg6 6. h4 h6 7. N1e2 e6 8. h5
Bh7 9. Nf4 Bd6 10. c3 Nf6 11. Bc4 Qc7 12. Qf3 Nd5 13. Nxd5 cxd5 14. Bd3 Bxd3
15. Qxd3 Nd7 16. Ne2 a6 17. Rh4 Nf6 18. Bf4 b5 19. Bxd6 Qxd6 20. Qg3 Qxg3 21.
Nxg3 O-O 22. Kd2 Rfc8 23. f3 Rc7 24. a3 Rac8 25. Nf1 Ne8 26. Ne3 Nd6 27. Rhh1
Nc4+ 1/2-1/2

[Event "Mistrovstvi CR senioru 2016 nad 70 let"]
[Site "Pelclovo divadlo Rychnov nad K"]
[Date "2016.08.25"]
[Round "6.6"]
[White "Pecka, Frantisek"]
[Black "Zikmund, Jaroslav"]
[Result "1-0"]
[WhiteElo "2057"]
[BlackElo "1830"]
[PlyCount "60"]
[EventDate "2016.08.20"]

1. e4 c5 2. Nc3 Nc6 3. g3 d6 4. Bg2 Nf6 5. d3 g6 6. h3 Bg7 7. Nge2 O-O 8. Be3
a6 9. O-O Bd7 10. f4 e6 11. g4 Rb8 12. e5 dxe5 13. fxe5 Nxe5 14. Bxc5 Re8 15.
Bd6 Qb6+ 16. d4 Qxd6 17. dxe5 Qb6+ 18. Kh1 Nd5 19. Ne4 Bb5 20. Nf6+ Bxf6 21.
exf6 Qe3 22. Re1 Nxf6 23. Nd4 Qg5 24. Nxb5 Qxb5 25. Qd4 e5 26. Qd6 Nd7 27. c4
Qxc4 28. Qxd7 Red8 29. Qe7 Rd2 30. Qxe5 Qc2 1-0

[Event "Mistrovstvi CR senioru 2016 nad 70 let"]
[Site "Pelclovo divadlo Rychnov nad K"]
[Date "2016.08.25"]
[Round "6.7"]
[White "Tolar, Jan"]
[Black "Skokan, Zdenek"]
[Result "1/2-1/2"]
[WhiteElo "1815"]
[BlackElo "1967"]
[PlyCount "0"]
[EventDate "2016.08.20"]
[PlyCount "50"]

1. e4 d6 2. d4 Nf6 3. Nc3 c6 4. Bd3 Nbd7 5. f3 e5 6. Be3 Be7 7. Nge2 Qc7 8. Ng3
Nf8 9. O-O Ng6 10. d5 O-O 11. Rc1 a6 12. a3 c5 13. Qe2 Bd7 14. a4 Rfc8 15. b3
Qa5 16. Qe1 Rab8 17. Nge2 b5 18. axb5 axb5 19. Ng3 c4 20. bxc4 bxc4 21. Be2 Nf4
22. Ra1 Qc7 23. Qd2 Rb7 24. Rfe1 g6 25. Kf2 Nxe2 1/2-1/2

[Event "Mistrovstvi CR senioru 2016 nad 70 let"]
[Site "Pelclovo divadlo Rychnov nad K"]
[Date "2016.08.25"]
[Round "6.8"]
[White "Glembek, Bohumir"]
[Black "Truksa, Vaclav"]
[Result "0-1"]
[WhiteElo "1798"]
[BlackElo "1883"]
[PlyCount "100"]
[EventDate "2016.08.20"]

1. d4 g6 2. c4 Bg7 3. Nc3 Nf6 4. e4 d6 5. f4 e6 6. Nf3 O-O 7. Be2 Bd7 8. O-O c5
9. d5 exd5 10. exd5 a6 11. a4 Bf5 12. Bd3 Bxd3 13. Qxd3 Nbd7 14. Bd2 Qb6 15.
Qc2 Rfe8 16. Rae1 Rac8 17. Rxe8+ Rxe8 18. Re1 Qd8 19. b3 Rxe1+ 20. Bxe1 Qe7 21.
Bf2 Ng4 22. Qe2 Qxe2 23. Nxe2 Nxf2 24. Kxf2 h6 25. g4 Nf6 26. h3 Ne8 27. Ke3
Kf8 28. Ng3 Ke7 29. h4 Nf6 30. Nh2 Ne8 31. f5 Be5 32. Nhf1 Nf6 33. Kf3 g5 34.
hxg5 hxg5 35. Ne4 Bf4 36. Nfg3 Bxg3 37. Nxg5 Bh4 38. Nh3 Nh7 39. Kf4 f6 40. Ng1
Ng5 41. Ne2 Be1 42. Ke3 Nf7 43. Nf4 Ne5 44. Ng6+ Nxg6 45. fxg6 Bh4 46. Ke4 Bg3
47. Kf5 Be5 48. g5 fxg5 49. Kxg5 Bg7 50. Kf5 Bh6 0-1

[Event "Mistrovstvi CR senioru 2016 nad 70 let"]
[Site "Pelclovo divadlo Rychnov nad K"]
[Date "2016.08.25"]
[Round "6.9"]
[White "Matoulek, Jaroslav"]
[Black "Pavlu, Jiri"]
[Result "1/2-1/2"]
[WhiteElo "1616"]
[BlackElo "1850"]
[PlyCount "67"]
[EventDate "2016.08.20"]

1. e4 e6 2. d4 d5 3. exd5 exd5 4. Nf3 Nf6 5. Be2 Be7 6. O-O O-O 7. Bg5 Bf5 8.
c3 h6 9. Bd2 Nbd7 10. Ne5 Ne4 11. Be3 Nxe5 12. dxe5 c6 13. Nd2 Bg5 14. Nxe4
Bxe4 15. f4 Be7 16. Bd3 Bxd3 17. Qxd3 Qc7 18. Rac1 Rad8 19. Rf3 Qa5 20. a3 Bc5
21. Bxc5 Qxc5+ 22. Qd4 Qb5 23. Qd2 Rfe8 24. Rd3 Qb6+ 25. Kh1 Qc7 26. Rd1 Rc8
27. Qf2 Qb6 28. Qxb6 axb6 29. c4 Red8 30. cxd5 cxd5 31. h3 Rc5 32. b4 Rc4 33.
Rxd5 Rxd5 34. Rxd5 1/2-1/2

[Event "Mistrovstvi CR senioru 2016 nad 70 let"]
[Site "Pelclovo divadlo Rychnov nad K"]
[Date "2016.08.25"]
[Round "6.10"]
[White "Vlasak, Ladislav"]
[Black "Folta, Jaroslav"]
[Result "0-1"]
[WhiteElo "1756"]
[BlackElo "1767"]
[PlyCount "0"]
[EventDate "2016.08.20"]
[PlyCount "148"]

1. e4 c6 2. d4 d5 3. Nc3 dxe4 4. Nxe4 Nd7 5. Nf3 Ngf6 6. Ng3 Nb6 7. h3 Qc7 8.
Bd3 Be6 9. O-O Bc4 10. c3 e6 11. Bxc4 Nxc4 12. Qe2 Nb6 13. Bg5 O-O-O 14. Ne4
Be7 15. Nc5 Bxc5 16. dxc5 Nbd7 17. b4 h6 18. Bh4 Qf4 19. Bg3 Qe4 20. Qb2 Qf5
21. Bd6 Ne4 22. Rad1 Nxd6 23. cxd6 Nb6 24. Qb3 Qb5 25. Rfe1 Qa4 26. c4 Qxb3 27.
axb3 Nd7 28. Ne5 Nxe5 29. Rxe5 Kd7 30. b5 f6 31. bxc6+ bxc6 32. Ra5 Ra8 33. c5
Rhb8 34. Rd3 e5 35. h4 Rb5 36. Rxb5 cxb5 37. b4 a5 38. bxa5 Rxa5 39. c6+ Kd8
40. h5 Ra1+ 41. Kh2 Rc1 42. c7+ Kd7 43. Kg3 b4 44. Kf3 b3 45. Rxb3 Kxd6 46.
c8=Q Rxc8 47. Rb7 Rc3+ 48. Kg4 Rc4+ 49. Kf3 Rc3+ 50. Kg4 Rc2 51. Kg3 f5 52.
Rxg7 Rc3+ 53. Kh4 Rc4+ 54. Kh3 e4 55. Rg6+ Ke5 56. Rxh6 Rc2 57. Ra6 Rxf2 58. h6
Rd2 59. h7 Rd8 60. Rh6 Rh8 61. Kg3 f4+ 62. Kf2 Kf5 63. Rh4 Kg5 64. g3 e3+ 65.
Kf3 e2 66. Kxe2 fxg3 67. Rh1 Kg4 68. Kf1 Kf3 69. Ke1 Re8+ 70. Kd2 g2 71. Rh3+
Kf4 72. Rh4+ Kf5 73. Rh5+ Kf6 74. Rh6+ Kg7 0-1

[Event "Mistrovstvi CR senioru 2016 nad 70 let"]
[Site "Pelclovo divadlo Rychnov nad K"]
[Date "2016.08.25"]
[Round "6.11"]
[White "Havrlik, Pavel"]
[Black "Biza, Miroslav"]
[Result "0-1"]
[WhiteElo "1833"]
[BlackElo "1659"]
[PlyCount "136"]
[EventDate "2016.08.20"]

1. c4 Nf6 2. Nc3 e6 3. e4 Bb4 4. Qc2 Nc6 5. Nf3 e5 6. a3 Bc5 7. b4 Nd4 8. Qd3
Nxf3+ 9. Qxf3 Bd4 10. h3 c6 11. Rb1 a5 12. Ne2 Bb6 13. d3 axb4 14. axb4 d6 15.
Be3 Be6 16. Ng3 O-O 17. Be2 d5 18. c5 Bc7 19. Bg5 h6 20. Bxf6 Qxf6 21. Qxf6
gxf6 22. O-O Ra2 23. b5 Rfa8 24. b6 Bd8 25. Bg4 Rc2 26. Rfc1 Raa2 27. Rxc2 Rxc2
28. Ra1 Be7 29. Ra7 Bxc5 30. Rxb7 Bxf2+ 31. Kh2 Rb2 32. Rb8+ Kh7 33. Bxe6 fxe6
34. b7 Ba7 35. Re8 Rxb7 36. Rxe6 dxe4 37. dxe4 Rc7 38. Rxf6 Be3 39. Nf5 Bg5 40.
Rd6 c5 41. h4 Bc1 42. Rd1 Bb2 43. Rd2 Bd4 44. h5 Rd7 45. Rc2 Rb7 46. Nd6 Rb1
47. Kh3 Rf1 48. g3 Kg7 49. Nf5+ Kf6 50. Kg4 Re1 51. Kf3 Kg5 52. Nd6 Re3+ 53.
Kg2 Kg4 54. Nf5 Rxe4 55. Nxh6+ Kxh5 56. Ng8 Kg5 57. Ne7 Re1 58. Nc6 Kg4 59.
Nxd4 cxd4 60. Rc8 d3 61. Rg8+ Kf5 62. g4+ Kf4 63. Rd8 e4 64. Kf2 Re2+ 65. Kf1
Ke3 66. Re8 Rf2+ 67. Kg1 d2 68. Rd8 Re2 0-1

[Event "Mistrovstvi CR senioru 2016 nad 70 let"]
[Site "Pelclovo divadlo Rychnov nad K"]
[Date "2016.08.25"]
[Round "6.12"]
[White "Kosek, Lubomir"]
[Black "Glacner, Karel"]
[Result "1-0"]
[WhiteElo "1737"]
[BlackElo "1552"]
[PlyCount "105"]
[EventDate "2016.08.20"]

1. e4 e5 2. Nf3 f5 3. d4 Nf6 4. Bc4 fxe4 5. Nxe5 d5 6. Bb3 Be7 7. Bg5 O-O 8.
O-O c6 9. c4 Be6 10. Nc3 dxc4 11. Nxc4 Nd5 12. Bxe7 Qxe7 13. Nxe4 Nd7 14. Qd2
N7f6 15. Ng5 Bf5 16. Rae1 Qc7 17. Ne3 Qf4 18. Nf3 Kh8 19. Nxf5 Qxf5 20. Bc2 Qh5
21. Re5 Qf7 22. Ng5 Qd7 23. Bf5 Qd6 24. Rfe1 h6 25. Ne6 Nd7 26. Nxf8 Nxe5 27.
Ne6 Ne7 28. Nxg7 Kxg7 29. Rxe5 Nxf5 30. Rxf5 Qg6 31. Qf4 Rf8 32. Qc7+ Kg8 33.
Rxf8+ Kxf8 34. Qf4+ Kg7 35. Qg3 Kf6 36. Qxg6+ Kxg6 37. Kf1 Kf5 38. f3 a5 39.
Kf2 a4 40. Ke3 h5 41. h4 Ke6 42. Ke4 b6 43. f4 Kd6 44. f5 b5 45. Kf4 Kd5 46. f6
Ke6 47. Kg5 Kf7 48. Kxh5 Kxf6 49. g4 Kg7 50. Kg5 b4 51. Kf5 b3 52. axb3 axb3
53. Ke6 1-0

[Event "Mistrovstvi CR senioru 2016 nad 50 let"]
[Site "Pelclovo divadlo Rychnov nad K"]
[Date "2016.08.26"]
[Round "7.2"]
[White "Petras, Milan"]
[Black "Sabol, Marian"]
[Result "0-1"]
[WhiteElo "1963"]
[BlackElo "2337"]
[PlyCount "38"]
[EventDate "2016.08.20"]

1. e4 c5 2. Nf3 d6 3. c3 Nf6 4. Be2 Nbd7 5. d3 b6 6. O-O Bb7 7. Nbd2 e6 8. d4
Nxe4 9. Nxe4 Bxe4 10. Ng5 Bb7 11. Bc4 d5 12. Qg4 dxc4 13. Nxe6 fxe6 14. Bg5 Nf6
15. Qxe6+ Qe7 16. Qh3 Kf7 17. dxc5 Qd7 18. Qg3 Bxc5 19. Rad1 Qc6 0-1

[Event "Mistrovstvi CR senioru 2016 nad 50 let"]
[Site "Pelclovo divadlo Rychnov nad K"]
[Date "2016.08.26"]
[Round "7.3"]
[White "Siebenburger, Vlastimil"]
[Black "Elias, Miroslav"]
[Result "0-1"]
[WhiteElo "2068"]
[BlackElo "2047"]
[PlyCount "84"]
[EventDate "2016.08.20"]

1. d4 Nf6 2. c4 g6 3. Nc3 d5 4. cxd5 Nxd5 5. e4 Nxc3 6. bxc3 Bg7 7. Nf3 c5 8.
Be3 Nc6 9. Qd2 Bg4 10. d5 Bxf3 11. gxf3 Qa5 12. Rc1 Rd8 13. Qb2 Ne5 14. Qb5+
Qxb5 15. Bxb5+ Kf8 16. Bxc5 b6 17. Ba3 Nxf3+ 18. Ke2 Ne5 19. c4 Nd7 20. f4 Nc5
21. Kf3 g5 22. fxg5 Be5 23. h4 Kg7 24. Rc2 h6 25. gxh6+ Rxh6 26. Rg2+ Kh7 27.
Bb2 Bxb2 28. Rxb2 Rf6+ 29. Ke3 Rg8 30. Rh3 Rg4 31. Re2 Rxe4+ 32. Kd2 Rf1 33.
Rxe4 Nxe4+ 34. Ke2 Ra1 35. Re3 f5 36. Ra3 a5 37. h5 Kh6 38. Be8 Nd6 39. Bg6
Nxc4 40. Rg3 Rxa2+ 41. Ke1 f4 42. Rg4 Ne3 0-1

[Event "Mistrovstvi CR senioru 2016 nad 50 let"]
[Site "Pelclovo divadlo Rychnov nad K"]
[Date "2016.08.26"]
[Round "7.4"]
[White "Bartos, Jan"]
[Black "Fiedler, Bedrich"]
[Result "1-0"]
[WhiteElo "2156"]
[BlackElo "2114"]
[PlyCount "55"]
[EventDate "2016.08.20"]

1. d4 d5 2. c4 c6 3. e3 Nf6 4. Nc3 g6 5. Nf3 Bg7 6. Be2 O-O 7. O-O Bg4 8. cxd5
cxd5 9. Qb3 b6 10. Bd2 Nc6 11. Rfc1 Na5 12. Qd1 Bxf3 13. Bxf3 Nc4 14. Nxd5 Rc8
15. Nxf6+ Bxf6 16. Bc3 e5 17. b3 exd4 18. Bxd4 Ne5 19. Be2 Qe7 20. Rxc8 Rxc8
21. Rc1 Rd8 22. Qc2 h5 23. h3 Kg7 24. Qe4 Qa3 25. Rc2 Qb4 26. Rc1 Qa3 27. Rd1
Nd7 28. Bb5 1-0

[Event "Mistrovstvi CR senioru 2016 nad 50 let"]
[Site "Pelclovo divadlo Rychnov nad K"]
[Date "2016.08.26"]
[Round "7.5"]
[White "Mohapl, Petr"]
[Black "Marinov, Peter"]
[Result "1-0"]
[WhiteElo "2098"]
[BlackElo "1763"]
[PlyCount "105"]
[EventDate "2016.08.20"]

1. e4 d6 2. d4 e6 3. Nf3 Nd7 4. Nc3 c6 5. Bd3 Be7 6. O-O e5 7. Re1 h6 8. Ne2 g6
9. c3 Bf6 10. h3 Qe7 11. Nh2 g5 12. Ng3 Nf8 13. Ng4 Bxg4 14. Qxg4 Qd7 15. Qxd7+
Kxd7 16. Be3 Ne6 17. Rad1 Ng7 18. Bc4 Rf8 19. dxe5 Bxe5 20. Bxa7 Ne7 21. Bb6
Nc8 22. Be3 Kc7 23. Bb3 f5 24. Nxf5 Nxf5 25. exf5 Rxf5 26. Bd4 Bxd4 27. Rxd4
Rhf8 28. f3 d5 29. Rd2 b5 30. Rde2 R5f6 31. Bc2 Nd6 32. Re7+ Kb6 33. Bd3 Kc5
34. R1e2 Nc8 35. R7e6 b4 36. cxb4+ Kxb4 37. a3+ Ka5 38. Re8 Rxe8 39. Rxe8 Nd6
40. Rb8 c5 41. b4+ cxb4 42. Rxb4 Rf7 43. Rd4 Kb6 44. Rxd5 Kc6 45. Ra5 Kb6 46.
Ra6+ Kc5 47. Kf2 h5 48. Ra5+ Kd4 49. Rxg5 Ra7 50. Rxh5 Rxa3 51. Bg6 Ra2+ 52.
Kg3 Nc4 53. Rh4+ 1-0

[Event "Mistrovstvi CR senioru 2016 nad 50 let"]
[Site "Pelclovo divadlo Rychnov nad K"]
[Date "2016.08.26"]
[Round "7.6"]
[White "Stuchly, Jaroslav"]
[Black "Humlicek, Vojtech"]
[Result "1/2-1/2"]
[WhiteElo "1871"]
[BlackElo "1963"]
[PlyCount "111"]
[EventDate "2016.08.20"]

1. c4 Nf6 2. Nc3 e6 3. g3 d5 4. cxd5 exd5 5. d4 c6 6. Bg2 Bf5 7. Nf3 Bd6 8. O-O
Nbd7 9. Nh4 Bg6 10. Re1 Qc7 11. a3 O-O-O 12. b4 Kb8 13. Bd2 Nb6 14. b5 Ne4 15.
bxc6 Nxc3 16. Bxc3 Qxc6 17. Bb4 Rc8 18. Bh3 Rcd8 19. Nf5 Bxf5 20. Bxf5 g6 21.
Rc1 Qe8 22. Bxd6+ Rxd6 23. Bd3 h5 24. e3 f5 25. Qf3 Qe6 26. h4 Nd7 27. Qf4 Rf8
28. Rc3 Rc8 29. Rec1 Rxc3 30. Rxc3 a6 31. a4 Ka7 32. Qf3 Rc6 33. Rxc6 Qxc6 34.
Qd1 Nb6 35. Bc2 Qc3 36. Kg2 Nc4 37. Qd3 Qxd3 38. Bxd3 b5 39. axb5 axb5 40. Kf3
b4 41. Kf4 Nd2 42. f3 b3 43. g4 fxg4 44. fxg4 Ne4 45. gxh5 gxh5 46. Ke5 Nc3 47.
Kf6 Ne4+ 48. Kg6 Ng3 49. Kg5 Kb6 50. Kf4 Ne4 51. Kf3 b2 52. Kf4 Ka5 53. Ke5 Nc3
54. Kf5 Ne4 55. Ke5 Nc3 56. Kf4 1/2-1/2

[Event "Mistrovstvi CR senioru 2016 nad 50 let"]
[Site "Pelclovo divadlo Rychnov nad K"]
[Date "2016.08.26"]
[Round "7.7"]
[White "Pociejowski, Marek"]
[Black "Zmeskal, Stanislav"]
[Result "1-0"]
[WhiteElo "1851"]
[BlackElo "1790"]
[PlyCount "75"]
[EventDate "2016.08.20"]

1. d4 d5 2. c4 c6 3. Nf3 Nf6 4. Nc3 e6 5. Bg5 Nbd7 6. e3 Be7 7. Rc1 O-O 8. Bd3
dxc4 9. Bxc4 Nd5 10. Bxe7 Qxe7 11. e4 Nxc3 12. bxc3 b5 13. Bd3 e5 14. O-O f6
15. Re1 Nb6 16. h3 Bb7 17. Nd2 Rad8 18. Nb3 Nd7 19. Qc2 a6 20. c4 Rfe8 21. a4
bxc4 22. Bxc4+ Kh8 23. Na5 Ba8 24. Bxa6 exd4 25. Nxc6 Bxc6 26. Qxc6 Ne5 27. Qc5
Qf7 28. Bb5 Rf8 29. Red1 Qg6 30. Qc2 Rb8 31. Kh1 Rfd8 32. f4 Nf7 33. Qd3 h5 34.
Rc4 Nd6 35. Rxd4 Nb7 36. Qe3 Rxd4 37. Rxd4 Qf7 38. Rd7 1-0

[Event "Mistrovstvi CR senioru 2016 nad 50 let"]
[Site "Pelclovo divadlo Rychnov nad K"]
[Date "2016.08.26"]
[Round "7.8"]
[White "Korinkova, Eva"]
[Black "Lorencova, Jitka"]
[Result "1-0"]
[WhiteElo "1740"]
[BlackElo "1552"]
[PlyCount "91"]
[EventDate "2016.08.20"]

1. e4 e6 2. d4 d5 3. e5 c5 4. c3 Qb6 5. Nf3 cxd4 6. cxd4 Nc6 7. Be2 Nge7 8. Na3
Nf5 9. Nc2 Be7 10. O-O Bd7 11. Rb1 O-O 12. g4 Nh4 13. Nxh4 Bxh4 14. Kg2 Be7 15.
h3 f6 16. f4 fxe5 17. dxe5 Rf7 18. Be3 Qd8 19. g5 g6 20. h4 Qf8 21. Bd3 Rc8 22.
a3 Na5 23. h5 Nc4 24. Bc1 Bc6 25. Nd4 Bc5 26. Nxe6 d4+ 27. Kg3 Ne3 28. Bxe3 Qe7
29. Nxc5 Qxc5 30. hxg6 hxg6 31. Bd2 Qd5 32. Qe2 b5 33. Rbc1 Kg7 34. Be4 Qe6 35.
Rxc6 Rxc6 36. Bxc6 Qxc6 37. Rc1 Qe6 38. Qxb5 Qf5 39. Qe2 Kf8 40. e6 Rh7 41.
Rc8+ Kg7 42. Rc7+ Kg8 43. Rxh7 Kxh7 44. e7 Qb1 45. Qh2+ Kg7 46. Qh6+ 1-0

[Event "Mistrovstvi CR senioru 2016 nad 60 let"]
[Site "Pelclovo divadlo Rychnov nad K"]
[Date "2016.08.26"]
[Round "7.1"]
[White "Mlynek, Petr"]
[Black "Vorobyov, Yrij"]
[Result "1/2-1/2"]
[WhiteElo "2153"]
[BlackElo "2160"]
[PlyCount "37"]
[EventDate "2016.08.20"]

1. d4 d5 2. c4 e6 3. Nc3 a6 4. cxd5 exd5 5. Nf3 Be7 6. Bf4 Nf6 7. e3 O-O 8. Bd3
h6 9. Rc1 c5 10. dxc5 Bxc5 11. O-O Bd6 12. Bxd6 Qxd6 13. e4 dxe4 14. Nxe4 Qe7
15. Re1 Nc6 16. Nc5 Qc7 17. Qb3 Rb8 18. h3 Bd7 19. Nxd7 1/2-1/2

[Event "Mistrovstvi CR senioru 2016 nad 60 let"]
[Site "Pelclovo divadlo Rychnov nad K"]
[Date "2016.08.26"]
[Round "7.2"]
[White "Pribyl, Josef"]
[Black "Rucka, Alois"]
[Result "1-0"]
[WhiteElo "2266"]
[BlackElo "1927"]
[PlyCount "53"]
[EventDate "2016.08.20"]

1. d4 Nf6 2. Nf3 e6 3. g3 b6 4. Bg2 Bb7 5. O-O Be7 6. c4 O-O 7. Nc3 d5 8. Ne5
Nfd7 9. cxd5 Nxe5 10. dxe5 Qc8 11. dxe6 fxe6 12. Bxb7 Qxb7 13. Qb3 Qc6 14. Be3
Nd7 15. Rac1 Nxe5 16. Nb5 Bc5 17. Bxc5 bxc5 18. Nd4 Qd5 19. Qxd5 exd5 20. Rxc5
Nd7 21. Rxc7 Rf7 22. Rfc1 Nb6 23. b3 h6 24. a4 Raf8 25. a5 Rxc7 26. Rxc7 Nc8
27. Ne6 1-0

[Event "Mistrovstvi CR senioru 2016 nad 60 let"]
[Site "Pelclovo divadlo Rychnov nad K"]
[Date "2016.08.26"]
[Round "7.3"]
[White "Pilar, Miloslav"]
[Black "Pospisil, Evzen"]
[Result "1/2-1/2"]
[WhiteElo "2173"]
[BlackElo "2097"]
[PlyCount "72"]
[EventDate "2016.08.20"]

1. d4 Nf6 2. Nf3 e6 3. c4 d5 4. Nc3 c6 5. cxd5 cxd5 6. Bf4 Bd6 7. Bxd6 Qxd6 8.
e3 O-O 9. Bd3 Nc6 10. O-O e5 11. Nb5 Qe7 12. dxe5 Nxe5 13. Nbd4 Bg4 14. Be2
Rfc8 15. Nxe5 Bxe2 16. Qxe2 Qxe5 17. Rac1 a6 18. h3 g6 19. Rc2 Ne4 20. Rfc1 Nd6
21. Rxc8+ Rxc8 22. Rxc8+ Nxc8 23. Qc2 Ne7 24. Qc5 Kf8 25. Qb6 Qb8 26. Qf6 Qc8
27. Kh2 h5 28. a3 Qd7 29. g3 Nc6 30. Nf3 Qd8 31. Qc3 Qd6 32. Kg2 Ke7 33. h4 Kd7
34. Qg7 Ke7 35. Kf1 Qf6 36. Qxf6+ Kxf6 1/2-1/2

[Event "Mistrovstvi CR senioru 2016 nad 60 let"]
[Site "Pelclovo divadlo Rychnov nad K"]
[Date "2016.08.26"]
[Round "7.4"]
[White "Jablecnik, Gustav"]
[Black "Briza, Jiri"]
[Result "1/2-1/2"]
[WhiteElo "2108"]
[BlackElo "1904"]
[PlyCount "67"]
[EventDate "2016.08.20"]

1. e4 e5 2. Nf3 Nc6 3. Bb5 Nf6 4. O-O Nxe4 5. Re1 Nd6 6. Ba4 Be7 7. Nxe5 Nxe5
8. Rxe5 O-O 9. d4 Nc4 10. Re1 d5 11. Nd2 Nxd2 12. Bxd2 Bd6 13. Qh5 c6 14. c3 g6
15. Qh6 Bf5 16. Bf4 Qc7 17. Bxd6 Qxd6 18. Re3 Rfe8 19. Rae1 Rxe3 20. Rxe3 Qf8
21. Qxf8+ Kxf8 22. f3 Re8 23. Kf2 Rxe3 24. Kxe3 f6 25. Bd1 g5 26. Be2 Be6 27.
Bd3 h6 28. b3 Ke7 29. c4 dxc4 30. bxc4 b6 31. g3 Kd6 32. f4 Bd7 33. h4 c5 34.
fxg5 1/2-1/2

[Event "Mistrovstvi CR senioru 2016 nad 60 let"]
[Site "Pelclovo divadlo Rychnov nad K"]
[Date "2016.08.26"]
[Round "7.5"]
[White "Uhmann, Jan"]
[Black "Novotny, Josef"]
[Result "1/2-1/2"]
[WhiteElo "2063"]
[BlackElo "2078"]
[PlyCount "71"]
[EventDate "2016.08.20"]

1. d4 e6 2. c4 d6 3. Nc3 c6 4. e4 Na6 5. f4 Bd7 6. Nf3 g6 7. Be2 Nh6 8. O-O f6
9. Kh1 Nf7 10. Be3 Bg7 11. Qd2 O-O 12. Rad1 Qe7 13. c5 Nc7 14. cxd6 Nxd6 15. e5
Nf5 16. Bf2 Nd5 17. Nxd5 exd5 18. g4 Nh6 19. exf6 Rxf6 20. Ne5 Rff8 21. h3 Nf7
22. Bg3 Nd6 23. Bd3 Rae8 24. Rde1 Qd8 25. Qb4 Bc8 26. a4 Bf6 27. Kh2 Be7 28.
Qb3 Bh4 29. Qc2 Bxg3+ 30. Kxg3 Qf6 31. Qd2 Kg7 32. Nf3 b6 33. Rxe8 Rxe8 34. Re1
Rxe1 35. Qxe1 Nf7 36. Ne5 1/2-1/2

[Event "Mistrovstvi CR senioru 2016 nad 60 let"]
[Site "Pelclovo divadlo Rychnov nad K"]
[Date "2016.08.26"]
[Round "7.6"]
[White "Salac, Jiri"]
[Black "Sibl, Vaclav"]
[Result "1-0"]
[WhiteElo "2102"]
[BlackElo "1944"]
[PlyCount "85"]
[EventDate "2016.08.20"]

1. d4 d6 2. Bf4 g6 3. Qd2 Nd7 4. Nf3 Bg7 5. e4 e5 6. Bg5 Ngf6 7. Nc3 O-O 8.
dxe5 Nxe5 9. Nxe5 dxe5 10. Qxd8 Rxd8 11. Nd5 Rd6 12. Bxf6 Bxf6 13. Nxc7 Rb8 14.
Ne8 Rb6 15. Nxf6+ Rxf6 16. Bc4 Be6 17. Bxe6 Rxe6 18. O-O-O Re7 19. Rd5 f6 20.
Rhd1 Kf7 21. Rd8 Rxd8 22. Rxd8 Rc7 23. Kd2 Ke7 24. Rd5 Ke6 25. g3 b6 26. Kd3
Rc8 27. b4 Rc7 28. c4 Rc8 29. a4 Rc7 30. a5 Ke7 31. axb6 axb6 32. Rb5 Rc6 33.
c5 bxc5 34. Rxc5 Rd6+ 35. Kc3 Rd4 36. Rc4 Rd7 37. b5 h5 38. b6 Rb7 39. Rc6 Rd7
40. Kc4 Rd1 41. Kb5 Rb1+ 42. Ka6 Ra1+ 43. Kb7 1-0

[Event "Mistrovstvi CR senioru 2016 nad 60 let"]
[Site "Pelclovo divadlo Rychnov nad K"]
[Date "2016.08.26"]
[Round "7.7"]
[White "Juricek, Stanislav"]
[Black "Sobotnik, Petr"]
[Result "1-0"]
[WhiteElo "2082"]
[BlackElo "1947"]
[PlyCount "83"]
[EventDate "2016.08.20"]

1. e4 c6 2. d4 d5 3. Nc3 dxe4 4. Nxe4 Bf5 5. Ng3 Bg6 6. Nf3 Nd7 7. h4 h6 8. h5
Bh7 9. Bd3 Bxd3 10. Qxd3 Qc7 11. Bd2 Ngf6 12. O-O-O O-O-O 13. Ne4 Nxe4 14. Qxe4
Nf6 15. Qe2 e6 16. g3 Bd6 17. c4 c5 18. Be3 Rhe8 19. Ne5 cxd4 20. Bxd4 Bxe5 21.
Bxe5 Qa5 22. Kb1 Rxd1+ 23. Rxd1 Rd8 24. Rxd8+ Qxd8 25. Kc2 Qa5 26. a3 Qa4+ 27.
Kc3 Qc6 28. Bxf6 gxf6 29. Qe3 a6 30. Qxh6 Qf3+ 31. Kb4 Kd7 32. Qd2+ Ke7 33. h6
Qh5 34. c5 Ke8 35. Qd6 Qxh6 36. Qb8+ Kd7 37. Qxb7+ Kd8 38. Qb8+ Kd7 39. Qd6+
Ke8 40. Ka5 Qc1 41. Kb6 Qxb2+ 42. Kc7 1-0